|
|
|
|
| LEADER |
01997nam a2200553 i 4500 |
| 001 |
nkc20172954805 |
| 003 |
CZ PrNK |
| 005 |
20171213071522.0 |
| 007 |
ta |
| 008 |
171113s2017 xr a a 000 j cze |
| 015 |
|
|
|a cnb002954805
|
| 020 |
|
|
|a 978-80-256-2163-9
|q (vázáno)
|
| 035 |
|
|
|a (OCoLC)1019669352
|
| 040 |
|
|
|a BOA001
|b cze
|d ABA001
|e rda
|
| 041 |
1 |
|
|a cze
|h eng
|
| 072 |
|
7 |
|a 821-93
|x Literatura pro děti a mládež (beletrie)
|2 Konspekt
|9 26
|
| 080 |
|
|
|a 821-32
|2 MRF
|
| 080 |
|
|
|a 821-93
|2 MRF
|
| 080 |
|
|
|a (0:82-32)
|2 MRF
|
| 080 |
|
|
|a (0.029)
|2 MRF
|
| 080 |
|
|
|a (086.48)
|2 MRF
|
| 130 |
0 |
|
|a Make your own ballerina theatre.
|l Česky
|
| 245 |
1 |
0 |
|a Postav si vlastní divadlo pro baletky
|
| 246 |
3 |
0 |
|a Divadlo pro baletky
|
| 250 |
|
|
|a První české vydání
|
| 264 |
|
1 |
|a Praha :
|b Svojtka & Co., s.r.o.,
|c 2017
|
| 300 |
|
|
|a 10 nečíslovaných stran :
|b barevné ilustrace ;
|c 26 cm
|
| 336 |
|
|
|a text
|b txt
|2 rdacontent
|
| 336 |
|
|
|a statický obraz
|b sti
|2 rdacontent
|
| 337 |
|
|
|a bez média
|b n
|2 rdamedia
|
| 338 |
|
|
|a svazek
|b nc
|2 rdacarrier
|
| 500 |
|
|
|a Z angličtiny přeložila Tereza Pádecká
|
| 500 |
|
|
|a V publikaci uveden chybně název originálu: Make your own balerina theatre, správně je: Make your own ballerina theatre
|
| 500 |
|
|
|a Kartonové listy s vylamovacími obrázky k sestavení trojrozměrného modelu
|
| 521 |
8 |
|
|a Pro děti od 3 let
|
| 655 |
|
7 |
|a příběhy
|7 fd133204
|2 czenas
|
| 655 |
|
7 |
|a skládanky
|7 fd133438
|2 czenas
|
| 655 |
|
7 |
|a papírové modely
|7 fd132991
|2 czenas
|
| 655 |
|
7 |
|a publikace pro děti
|7 fd133156
|2 czenas
|
| 655 |
|
9 |
|a stories
|2 eczenas
|
| 655 |
|
9 |
|a puzzles
|2 eczenas
|
| 655 |
|
9 |
|a paper models
|2 eczenas
|
| 655 |
|
9 |
|a children's literature
|2 eczenas
|
| 700 |
1 |
|
|a Pádecká, Tereza
|7 jo2017972714
|4 trl
|
| 910 |
2 |
|
|a BOA001
|b 2-1399.004
|
| 990 |
|
|
|a BK
|
| 995 |
|
|
|a 01
|
| 991 |
|
|
|b 201711
|c NOV
|
| 996 |
6 |
|
|b 2610725286
|c 2-1399.004
|l MZK
|r Sklad / do 1 hodiny
|n 0
|p p.v.
|w 001639837
|u 000010
|a 1
|e BOA001
|j MZK50
|s P
|